Statistics for Category Elimination - Island and Landlocked Countries

Click here to take the quiz!

General Stats

  • This quiz has been taken 146 times
  • The average score is 15 of 20

Answer Stats

Group#Category% Correct
Green45Landlocked Countries
100%
Green31... in Africa or Europe
100%
Blue26... in North America or Oceania
92%
Blue47Island Countries
92%
Blue12... which are larger than 1,000 km²
92%
Green10... with a population over 12 million
91%
Purple92Landlocked or Island Countries
88%
Purple42... in Asia or Europe
87%
Blue6... and its name ends with "a" or "i"
86%
Purple17... with less than 4 million people
84%
Orange46Capitals of Landlocked Countries
82%
Purple8... and an area less than 5,000 km²
75%
Orange22...that start with a letter between A and K
73%
Green5... and is smaller than 400,000 km²
62%
Orange10... with more than 1 million people (city proper)
51%
Orange6... and 7 or more letters in their name
46%
Purple1... and borders 3 or more countriesLuxembourg
45%
Green1... and does not border Tanzania or ZambiaBurkina Faso
44%
Blue1... with a name longer than 1 wordPapua New Guinea
40%
Orange1... and does not have A in its nameBishkek
19%

Score Distribution

Percentile by Number Answered

Percent of People with Each Score

Your Score History

You have not taken this quiz